000 00760cam a22002533a 4500
001 22677
003 PGUSA
005 20140828083501.0
008 070919s2007||||xxu|||||s|||||000 | eng d
040 _aPGUSA
_beng
042 _adc
050 4 _aDF
100 1 _aAbbott, G. F.
_q(George Frederick)
245 1 0 _aGreece and the Allies 1914-1922
_h[electronic resource] /
_cG. F. Abbott
260 _bProject Gutenberg,
_c2007
506 _aPublic domain in the USA.
516 _aElectronic text
653 _aWorld War, 1914-1918 -- Greece
653 _aGreece -- Foreign relations
653 _aGreece -- Politics and government -- 1913-1917
830 0 _aProject Gutenberg
_v22677
856 4 0 _uhttp://www.gutenberg.org/ebooks/22677
942 _cEB
999 _c251932
_d251932